000 00552nam a2200193Ia 4500
005 20250326130842.0
008 250326s9999 xx 000 0 und d
020 _a0-19-565885-X
037 _aTextbook
040 _aFMSL
_beng
_cFMSL
041 _aeng
_2eng
084 _aX.44 P2
_qFMSL
100 _aPatel I G
245 0 _aGlimpses of Indian economic policy: an insider's view
_cPatel I G
260 _aNew York
_bNew York, Oxford University Press
_c2002
300 _avii,205
942 _cTB
_hX.44 P2
999 _c1284390
_d1284390